Quantum fields in curved space /

Guardado en:
Autor Principal: Birrell, N. D.
Otros Autores: Davies, P. C. W.
Formato: Libro
Idioma:English
Publicado: Cambridge : Cambridge University Press, 1984.
Edición:1st paperback ed., with corrections
Series:Cambridge monographs on mathematical physics
Etiquetas: Agregar Etiqueta
Sin Etiquetas, Sea el primero en etiquetar este registro!
LEADER 00706nam a22002055a 4500
001 MAT.inmabb000157
008 031211s1984####enk###########001#0#eng#d
005 20130331173026.0
245 1 0 |a Quantum fields in curved space /  |c N.D. Birrell and P.C.W. Davies. 
250 |a 1st paperback ed., with corrections 
260 |a Cambridge :  |b Cambridge University Press,  |c 1984. 
300 |a ix, 340 p. ;  |c 23 cm. 
440 0 |a Cambridge monographs on mathematical physics 
500 |a Transferred to digital reprinting 1999. 
510 4 |a MR,  |c 85h:81060 
020 |a 0521278589 
100 1 |a Birrell, N. D. 
700 1 |a Davies, P. C. W. 
084 |a 81T20 (83-02 83C47)  |2 msc2000 
859 |h 81  |i B619  |p A-7864  |b BIB. MATEMATICA